Science Quiz

Random Science Quiz
Score 0/16 Timer 04:00
0 Plays Today
Question Answer % Correct
Vertebrata classesMammalia (mammals)
93.5%
Vertebrata classesReptilia (reptiles)
90.3%
Vertebrata classesAmphibia (amphibians)
87.1%
Vertebrata classesAves (birds)
80.6%
Mammal typesMarsupial
67.7%
Characteristics of ChordatesNotochord: rod between digestive tract and spinal chord
58.1%
Mammal typesPlacental
58.1%
Vertebrata classesChondrichthyes
54.8%
Question Answer % Correct
Vertebrata classesOsteichthyes
51.6%
Mammal typesMonotreme
51.6%
Characteristics of ChordatesDorsal, hollow nerve chord
45.2%
Characteristics of ChordatesMuscular, postanal tail
41.9%
Chordata subphylaUrochordata (Tunicata)
41.9%
Chordata subphylaCephalochordata
41.9%
Characteristics of ChordatesPharyngeal slits (gills)
35.5%
Chordata subphylaVertebrata (vertebrates)
32.3%
Remove Ads.
Support Sporcle.
Get the best of Sporcle when you Go Orange. This ad-free experience offers more features, more stats, and more fun while also helping to support Sporcle. Thank you for becoming a member.

You're not logged in!

Compare scores with friends on all Sporcle quizzes.
OR
Log In

Show Comments

Extras

Created Feb 19, 2012ReportNominate
Tags:Vertebrate

Top Quizzes Today


Score Distribution

Your Account Isn't Verified!

In order to create a playlist on Sporcle, you need to verify the email address you used during registration. Go to your Sporcle Settings to finish the process.

Report this User

Report this user for behavior that violates our Community Guidelines.

Details: